Представление документа в формате RUSMARC

ПолеНазваниеЗначение
  Тип записи a
  Библиографический уровень a
001 Контрольный номер RU/УОНБ/EK_Kray/336572224
005 Дата корректировки 20240730175428.2
100 Данные общей обработки __
a Данные общей обработки 20100831d2010 ||| 0rusy0189 ca
101 Язык документа 0_
a Язык текста rus
102 Страна публикации __
a Страна публикации RU
105 Кодированные данные (монография) __
a Кодированные данные (монография) y###||||000|y
200 Заглавие и сведения об ответственности 1_
a Заглавие Роддом для изотопов
e Сведения, относящиеся к заглавию создание производства молибдена-99
f Первые сведения об ответственности Любовь Балакина
215 Физическое описание __
c Иллюстрации/тип воспроизводства 1 фот.
225 Серия 1_
a Серия Темы недели
330 Аннотация __
a Аннотация На ОАО "ГНЦ НИИАР" в Димитровграде устанавливается технологическое оборудование, изготовленное немецкой фирмой Isotope Technology Dresden для производства молибдена-99.
461 Уровень набора _0
1 2000
a Ульяновская правда
1 011
463 Уровень физической единицы _0
1 001RU/УОНБ/EK_Kray/336571437
1 2000
a 27 авг
v С. 2
1 210
d 2010
601 Наименование организации как предмет 02
a Наименование организации как предмет Государственный научный центр Научно-исследовательский институт атомных реакторов (ГНЦ НИИАР)
607 Географические рубрики __
a Географическое наименование Димитровград, город
610 Ключевые слова 0_
a Ключевые слова изотоп
610 Ключевые слова 0_
a Ключевые слова молибден-99
686 Индексы других классификаций __
a Классификационный индекс 72.6Л-1
2 Код системы rubbk
700 Автор _1
a Фамилия Балакина
b Имя (инициалы) Л.
g Полное личное имя Любовь
4 Код отношения 070
801 Источник записи _0
a Страна RU
b Организация Ульяновская ОНБ
c Дата составления 20100831
g Правила каталогизации RCR
801 Источник записи _1
a Страна RU
b Организация IS
c Дата составления 20100831
g Правила каталогизации RCR
901 Тип документа __
t Тип документа b
w Контрольный № источника UONB/MAIN/2ff25093a08345d48c70eb154d6b2c41
938 Служебная информация __
a Имя БД kraeved_work
b Имя библиотеки УОНБ
c Имя АИБС МАРК-SQL
d Номер DOC_ID в БД 70859